| 000 | 00738nam a22002057a 4500 | ||
|---|---|---|---|
| 999 |
_c13339 _d13339 |
||
| 003 | AR-CdUCM | ||
| 008 | 190415b ||||| |||| 00| 0 spa d | ||
| 040 |
_aMUNICIPALIDAD PROVINCIAL DEL CUSCO _cBIBLIOTECA MUNICIPAL DEL CUSCO |
||
| 082 |
_aC / 869.58 / _bN56 |
||
| 100 |
_aNieto, Luis _911864 |
||
| 245 | _aImagen del recuerdo / | ||
| 260 |
_aCuzco : _bsol y piedra, _c1957. |
||
| 300 |
_a44 páginas ; _c25 cm. |
||
| 505 | _aContenido : Adiós a José María Eguren -- Presencia de César Vallejo -- Primer silencio a la muerte de Daniel Alomias Robles -- Carta Anaximandro Vega ... | ||
| 650 |
_aPersonalidades _931709 |
||
| 650 |
_aHistoria _9136 |
||
| 650 |
_aLiteratura _983 |
||
| 942 |
_2ddc _cLIBROS |
||
| 945 |
_arah _d15/04/2019 |
||